[Event "Penang op 10th"]
[Site "Penang"]
[Date "2018.12.06"]
[Round "6"]
[White "Lim, See Siang Fergus"]
[Black "Ang, Jing Xuan"]
[Result "1/2-1/2"]
[WhiteElo "1830"]
[BlackElo "1731"]
[PlyCount "148"]
[EventDate "2018.12.03"]
[EventType "swiss"]
[EventRounds "9"]
[EventCountry "MAS"]
[SourceTitle "CBM 187 Extra"]
[Source "ChessBase"]
[SourceDate "2018.11.04"]
[SourceVersion "1"]
[SourceVersionDate "2018.11.04"]
[SourceQuality "1"]

1. d4 Nf6 2. Nc3 d5 3. Bg5 Ne4 4. Nxe4 dxe4 5. e3 g6 6. Qd2 Bg7 7. 0-0-0 0-0 8. h4 h5 9. f3 exf3 10. gxf3 b6 11. e4 a5 12. Nh3 Ba6 13. Bh6 Bxf1 14. Rhxf1 b5 15. Rg1 e5 16. Bxg7 Kxg7 17. dxe5 Qxd2+ 18. Rxd2 Nc6 19. f4 Rad8 20. Rgd1 a4 21. a3 Rxd2 22. Rxd2 Rd8 23. Rxd8 Nxd8 24. Kd2 c5 25. b3 Nc6 26. bxa4 bxa4 27. Kc3 Nd4 28. Ng1 Kf8 29. Kb2 Ke7 30. c3 Ne6 31. f5 Nf4 32. Kc2 Ng2 33. Nf3 gxf5 34. exf5 Ne3+ 35. Kd3 Nxf5 36. Ke4 Ng7 37. Kd5 Ne6 38. Kc6 f6 39. Kb5 fxe5 40. Nxe5 Kf6 41. Nd7+ Kf5 42. Nxc5 Nxc5 43. Kxc5 Kg4 44. Kb4 Kxh4 45. c4 Kg3 46. c5 h4 47. c6 h3 48. c7 h2 49. c8Q h1Q 50. Qc7+ Kg4 51. Kxa4 Kf5 52. Qc5+ Ke6 53. Kb5 Kd7 54. Kb6 Qb1+ 55. Ka7 Qe4 56. Qb5+ Qc6 57. a4 Kc7 58. Qb8+ Kd7 59. Qb7+ Qc7 60. Ka6 Kd8 61. Qd5+ Kc8 62. Qg8+ Kd7 63. Qf7+ Kd8 64. Qf8+ Kd7 65. Qf5+ Kd8 66. Qd5+ Kc8 67. Qa8+ Kd7 68. Qb7 Kd8 69. a5 Qd6+ 70. Ka7 Qc7 71. Ka6 Qd6+ 72. Qb6+ Kc8 73. Ka7 Qd7+ 74. Ka6 Qd3+ 1/2-1/2

[Event "Penang op 10th"]
[Site "Penang"]
[Date "2018.12.05"]
[Round "4"]
[White "Lim, See Siang Fergus"]
[Black "Pang, Khai Jie Ryan"]
[Result "0-1"]
[WhiteElo "1830"]
[BlackElo "1607"]
[PlyCount "110"]
[EventDate "2018.12.03"]
[EventType "swiss"]
[EventRounds "9"]
[EventCountry "MAS"]
[SourceTitle "CBM 187 Extra"]
[Source "ChessBase"]
[SourceDate "2018.11.04"]
[SourceVersion "1"]
[SourceVersionDate "2018.11.04"]
[SourceQuality "1"]

1. c4 e5 2. g3 Nf6 3. Bg2 d5 4. cxd5 Nxd5 5. Nc3 Nb6 6. Nf3 Nc6 7. 0-0 Be7 8. b3 0-0 9. Bb2 Be6 10. d3 Qd7 11. Rc1 f5 12. Qc2 Bf6 13. Rfd1 Rad8 14. Nd2 Nb4 15. Qb1 N4d5 16. Nxd5 Bxd5 17. e4 Bc6 18. exf5 Bxg2 19. Kxg2 c6 20. Ne4 Qxf5 21. Qc2 Be7 22. Qe2 Nd5 23. a3 Rde8 24. b4 a6 25. h3 Bd8 26. Qg4 Qf7 27. Rd2 Re6 28. Ng5 Bxg5 29. Qxg5 Nf4+ 30. Kf1 Nxd3 31. Rcc2 Nxb2 32. Rxb2 h6 33. Qe3 Qh5 34. Kg2 e4 35. Rd7 Qf3+ 36. Qxf3 exf3+ 37. Kf1 Rfe8 38. Rb1 R8e7 39. Rd8+ Kh7 40. Rd3 Rf7 41. Rbb3 Ref6 42. g4 g5 43. Kg1 Kg6 44. Kh2 h5 45. gxh5+ Kxh5 46. Kg3 Rf4 47. Rbc3 R4f6 48. Rc5 Kg6 49. Re3 b6 50. Rcc3 Rd6 51. Re8 Rff6 52. Rg8+ Kh6 53. Rh8+ Kg7 54. Ra8 Rd1 55. Kg4 Rg1+ 0-1

[Event "Penang op-A 9th"]
[Site "Penang"]
[Date "2017.12.07"]
[Round "6"]
[White "Nguyen, Truong Bao Tran"]
[Black "Lim, See Siang Fergus"]
[Result "1-0"]
[WhiteElo "1953"]
[BlackElo "1607"]
[PlyCount "91"]
[EventDate "2017.12.04"]
[EventType "swiss"]
[EventRounds "9"]
[EventCountry "MAS"]
[SourceTitle "CBM 182 Extra"]
[Source "ChessBase"]
[SourceDate "2018.02.23"]
[SourceVersion "1"]
[SourceVersionDate "2018.02.23"]
[SourceQuality "1"]

1. d4 Nf6 2. c4 g6 3. Nc3 Bg7 4. e4 d6 5. Nf3 0-0 6. Be2 e5 7. 0-0 Nc6 8. d5 Ne7 9. Ne1 Nd7 10. Be3 f5 11. f3 f4 12. Bf2 g5 13. g4 h5 14. h3 Kf7 15. Kg2 Rh8 16. Nd3 Ng6 17. Rh1 Qe7 18. b4 Nf6 19. c5 Bd7 20. Qc2 a5 21. b5 hxg4 22. hxg4 Nh4+ 23. Bxh4 gxh4 24. cxd6 cxd6 25. Nf2 Rac8 26. Qd3 Be8 27. Na4 Nd7 28. Kh3 Bf6 29. Rac1 Qd8 30. Qd2 Rxc1 31. Rxc1 Nb6 32. Nb2 Qb8 33. Qxa5 Bd8 34. Qb4 Nd7 35. Nc4 Rh6 36. a4 b6 37. Nd3 Nf8 38. Nf2 Nh7 39. Kg2 h3+ 40. Nxh3 Bc7 41. Rh1 Qd8 42. Qe1 Qa8 43. Ng5+ Nxg5 44. Rxh6 Qxa4 45. Qh4 Qa2 46. Kf2 1-0

[Event "Penang op-A 9th"]
[Site "Penang"]
[Date "2017.12.05"]
[Round "2"]
[White "Godam"]
[Black "Lim, See Siang Fergus"]
[Result "1-0"]
[WhiteElo "2033"]
[BlackElo "1607"]
[PlyCount "35"]
[EventDate "2017.12.04"]
[EventType "swiss"]
[EventRounds "9"]
[EventCountry "MAS"]
[SourceTitle "CBM 182 Extra"]
[Source "ChessBase"]
[SourceDate "2018.02.23"]
[SourceVersion "1"]
[SourceVersionDate "2018.02.23"]
[SourceQuality "1"]

1. e4 c5 2. Nf3 d6 3. d4 cxd4 4. Nxd4 Nf6 5. Nc3 a6 6. Bg5 Nbd7 7. f4 Qb6 8. Nb3 e6 9. Qf3 Be7 10. 0-0-0 Qc7 11. Nd4 0-0 12. Bd3 b5 13. Rhe1 e5 14. Nf5 Re8 15. Qg3 g6 16. Nxe7+ Rxe7 17. Qh4 Re6 18. f5 1-0